HOSPITAL ADMINISTRATION AND MANAGEMENT A COMPREHENSIVE GUIDE (Record no. 9204)
[ view plain ]
| 000 -LEADER | |
|---|---|
| fixed length control field | 00497nam a22001577a 4500 |
| 003 - CONTROL NUMBER IDENTIFIER | |
| control field | SGT |
| 020 ## - INTERNATIONAL STANDARD BOOK NUMBER | |
| International Standard Book Number | 9788184486025 |
| 082 ## - DEWEY DECIMAL CLASSIFICATION NUMBER | |
| Classification number | 362.1 |
| 100 ## - MAIN ENTRY--PERSONAL NAME | |
| Personal name | GUPTA, JOYDEEP DAS |
| 245 ## - TITLE STATEMENT | |
| Title | HOSPITAL ADMINISTRATION AND MANAGEMENT A COMPREHENSIVE GUIDE |
| 260 ## - PUBLICATION, DISTRIBUTION, ETC. (IMPRINT) | |
| Place of publication, distribution, etc | NEW DELHI |
| Name of publisher, distributor, etc | JAYPEE BROTHERS |
| Year of Publication | 2009 |
| 300 ## - PAGE DESCRIPTION | |
| No. of Pages | 229 |
| 650 ## - SUBJECT ADDED ENTRY--TOPICAL TERM | |
| Topical term or geographic name as entry element | SOCIAL PROBLEMS AND SERVICES |
| 653 ## - KEYWORDS--INDEX TERM | |
| Keyword term | HOSPITAL ADMINISTRATION AND MANAGEMENT,HOSPITAL ORGANIZATIONS AND SERVICES, HOSPITAL SUPPORT SERVICES |
| 942 ## - ADDED ENTRY ELEMENTS (KOHA) | |
| Source of classification or shelving scheme | Dewey Decimal Classification |
| Koha item type | FCM Books |
| 942 ## - ADDED ENTRY ELEMENTS (KOHA) | |
| -- | 9 |
| Withdrawn status | Lost status | Source of classification or shelving scheme | Damaged status | Not for loan | Collection code | Home library | Current library | Shelving location | Date acquired | Cost, normal purchase price | SGTU | Bill Number | Total Checkouts | Full call number | Accession No. (Barcode) | Date last seen | Date last borrowed | Bill Date | Koha item type |
|---|---|---|---|---|---|---|---|---|---|---|---|---|---|---|---|---|---|---|---|
| Dewey Decimal Classification | COMMERCE MANAGEMENT | SGT Science & Social Sciences Library | SGT Science & Social Sciences Library | Text Book | 23/06/2016 | 295.00 | SGTU | 177 | 9 | 362.1 | CM188 | 17/02/2020 | 10/02/2020 | FCM Books | |||||
| Dewey Decimal Classification | COMMERCE MANAGEMENT | SGT Science & Social Sciences Library | SGT Science & Social Sciences Library | Text Book | 23/06/2016 | 295.00 | SGTU | 177 | 6 | 362.1 | CM189 | 20/12/2022 | 15/12/2022 | FCM Books | |||||
| Dewey Decimal Classification | COMMERCE MANAGEMENT | SGT Science & Social Sciences Library | SGT Science & Social Sciences Library | Text Book | 23/06/2016 | 295.00 | SGTU | 177 | 7 | 362.1 | CM190 | 06/04/2022 | 04/04/2022 | FCM Books | |||||
| Dewey Decimal Classification | COMMERCE MANAGEMENT | SGT Science & Social Sciences Library | SGT Science & Social Sciences Library | Text Book | 23/06/2016 | 295.00 | SGTU | 177 | 9 | 362.1 | CM191 | 18/03/2025 | 18/03/2025 | FCM Books | |||||
| Dewey Decimal Classification | COMMERCE MANAGEMENT | SGT Science & Social Sciences Library | SGT Science & Social Sciences Library | Text Book | 23/06/2016 | 295.00 | SGTU | 177 | 11 | 362.1 | CM192 | 06/04/2022 | 04/04/2022 | FCM Books |